| 000 | 01530nam0a2200349 4500 | ||
|---|---|---|---|
| 001 | RU\NLR\BIBL_A\011447337 | ||
| 005 | 20241114230705.0 | ||
| 010 |
_a9785736908042 _9300 |
||
| 021 |
_aRU _b2017-48618 _93486 |
||
| 035 | _a(RuMoRGB)008930644 | ||
| 035 | _a(NLR Aleph) 011447337 | ||
| 090 |
_a11734648 _c11734648 |
||
| 100 | _a20170801d2016 k y0rusy50 ca | ||
| 101 | 0 | _arus | |
| 102 | _aRU | ||
| 105 | _aa|||zzzz000zy | ||
| 200 | 1 |
_aПсихолого-педагогическое сопровождение становления и развития профессионала аграрной сферы _fП. В. Лебедчук, В. А. Семыкин _g[Курская ГСХА] |
|
| 205 | _a[2-е изд., перераб. и доп.] | ||
| 210 |
_aКурск _cИзд-во Курской ГСХА _d2016 |
||
| 215 |
_a115 с. _cил. _d21 |
||
| 320 | _aБиблиогр. в конце разделов | ||
| 606 | 1 |
_aСельское хозяйство _xКадры _xПодготовка _91022096 _3RU\NLR\AUTH\66390746 |
|
| 606 |
_aСельское хозяйство _xКадры _xСоциально-психологические исследования _92610928 _3RU\NLR\AUTH\661547486 |
||
| 686 | 1 | _aС550.663 | |
| 686 | 1 | _aЮ941.193 | |
| 686 | 1 | _aЧ458.8 | |
| 700 | 1 |
_aЛебедчук _bП. В. _gПетр Васильевич |
|
| 701 | 1 |
_aСемыкин _bВ. А. _gВладимир Анатольевич |
|
| 942 | _cBOOK | ||
| 980 | _aNBR | ||